[Event "2025 New Year TNM: 1600-1999"]
[Site "San Francisco"]
[Date "2025.01.21"]
[Round "3.23"]
[White "Casares, Nick"]
[Black "Tam, Hoa Long"]
[Result "0-1"]
[Annotator "Winslow,Elliott"]
[WhiteElo "1600"]
[BlackElo "1645"]
[PlyCount "60"]
[GameId "2137475051621163"]
[EventDate "2025.??.??"]

{[%evp 0,52,19,9,21,34,27,24,32,30,25,114,8,-1,7,-9,-24,-35,-54,-100,-58,-106,-95,-95,-80,-168,-198,-180,-127,-217,-149,-139,-174,-211,-230,-220,-202,-252,-193,-210,-154,-171,-224,-190,-73,-73,-74,-92,63,-87,-72,-115,-158,-125,-113]} 1. e4 c6 2. d4 d5 3. e5 c5 4. dxc5 e6 5. Be3 Nd7 6. b4 (6. Bb5 Ne7 7. b4 a5 8. c3 Nc6 9. f4 axb4 10. Bxc6 bxc6 11. cxb4 f6 12. Nf3 fxe5 13. fxe5 Ba6 14. Nc3 Bc4 15. a3 g6 16. Ne2 Bg7 17. Ned4 Nxe5 18. Nxe6 Nd3+ 19. Kd2 Qe7 20. Nxg7+ Qxg7 21. Bd4 Qh6+ 22. Kc3 O-O 23. Qd2 Qh5 24. h3 Qf5 25. Qh6 Rf7 26. Qg5 Nf4 27. Qxf5 Rxf5 28. Rhd1 Bb5 29. Rd2 Nxg2 30. Ne5 Nh4 31. a4 Rxa4 32. Rxa4 Bxa4 33. Ra2 Bb5 34. Ra7 h5 35. Rc7 Rf6 {1-0 Bharath,S (2561)-Mamedyarov,S (2733) Julius Baer GenCup Pl/In Chess.com INT rapid 2024 (2)}) 6... a5 $15 {[#]} 7. Bb5 $6 $146 (7. c3 Nxe5 $6 $11 (7... axb4 8. cxb4 b6 $15) 8. Nd2 axb4 9. cxb4 Nc6 10. Bb5 Bd7 11. Bxc6 Bxc6 12. Ngf3 Ne7 13. a4 Nf5 14. O-O Be7 15. b5 Bd7 16. Rc1 O-O 17. Bf4 Qa5 18. Ne5 Be8 19. c6 bxc6 20. bxc6 Bd6 21. g4 Qxa4 22. Qxa4 Rxa4 23. gxf5 Rxf4 24. c7 Bxc7 25. Rxc7 Rxf5 26. f4 f6 27. Ng4 d4 28. Ne4 h5 29. Ngf2 Rxf4 30. Rb1 Bg6 31. Rbb7 Rf7 32. Rc8+ Kh7 33. Rxf7 Bxf7 34. Rd8 e5 35. Ng3 h4 36. Ne2 Rf3 {0-1 Meskovs,N (2553)-Gunina,V (2471) Titled Tuesday intern op 17th May Early Chess.com INT blitz 2022 (8)}) 7... axb4 $17 8. c3 (8. Nf3 Ne7 9. Nd4 Qc7 $17) 8... bxc3 9. Nxc3 Ne7 10. Bg5 Qc7 11. Nf3 Nc6 $17 12. Bxc6 $6 bxc6 $19 13. O-O Nxe5 14. Bf4 Nxf3+ 15. Qxf3 Qa5 16. Bd6 Bxd6 17. cxd6 O-O 18. Rab1 Ba6 19. Rfc1 c5 20. a4 c4 $6 $17 21. Qe3 Rab8 $6 (21... Rfd8) (21... Rfc8) 22. Rxb8 $1 Rxb8 {Both sides have urgent back rank problems!} 23. Qa7 Qb6 (23... Rd8) 24. Qe7 $4 (24. Qxb6 $1 Rxb6 25. d7 Rd6 26. Rb1 Kf8 $1 27. Rb6 $1 Rxd7 28. Rxa6 d4 $11 {after some calculated play}) 24... Qd8 $4 {[#]} (24... h6 $1 $19 {Enough of *that!*}) 25. Qxd8+ $2 $17 (25. Rb1 $1 Qxe7 26. dxe7 Re8 27. Rb6 $11) 25... Rxd8 26. Rb1 d4 27. Nb5 $2 (27. Ne2 $1 c3 $1 28. Nxd4 f6 $5 $15 29. Rb6 e5 30. Nb3 $1 Bc4 31. f3 Kf7 32. Kf2 Ke6 33. Ke1) 27... e5 $19 28. Nc7 c3 $1 29. Nxa6 d3 (29... c2) 30. Nb4 {[#]} d2 $4 (30... c2 $1 $19) (30... d2 $4 {0-1??} 31. Nc2 f5 32. Kf1 Rxd6 33. Ke2 $1 $18) 0-1

[Event "2025 New Year TNM: 1600-1999"]
[Site "San Francisco"]
[Date "2025.01.21"]
[Round "3.24"]
[White "Ni, Tao"]
[Black "Alzhin, Leonid"]
[Result "0-1"]
[WhiteElo "1555"]
[BlackElo "1727"]
[PlyCount "60"]
[GameId "2137475051621164"]
[EventDate "2025.??.??"]

1. e4 e5 2. Nf3 Nc6 3. Bc4 Be7 4. c3 d6 5. O-O Nf6 6. Re1 Bg4 7. h3 Bh5 8. d4 O-O 9. d5 Nb8 10. Nbd2 Nbd7 11. b4 c6 12. dxc6 bxc6 13. Nf1 Qc7 14. Ng3 Bg6 15. Bg5 Nb6 16. Bd3 Nh5 17. Qd2 Nxg3 18. fxg3 Rad8 19. a4 Rfe8 20. a5 Nd7 21. Be3 Nf6 22. Bf2 d5 23. Qc2 dxe4 24. Bxe4 Nxe4 25. Rxe4 Bxe4 26. Qxe4 Rd7 27. Re1 Bf6 28. Nd4 Rc8 29. Nf5 Rcd8 30. Bd4 g6 0-1

[Event "2025 New Year TNM: 1600-1999"]
[Site "San Francisco"]
[Date "2025.01.21"]
[Round "3.25"]
[White "Yan, Rayna"]
[Black "McCutcheon, Bennett"]
[Result "1-0"]
[Annotator "Winslow,Elliott"]
[WhiteElo "1742"]
[BlackElo "1431"]
[PlyCount "89"]
[GameId "2137475051621165"]
[EventDate "2025.??.??"]

{[%evp 0,65,25,33,12,10,33,31,48,45,43,11,46,34,2,40,47,43,57,45,63,44,24,8,7,0,27,31,89,45,39,-35,75,-42,-32,-33,-74,-57,-56,-62,-66,-86,-54,-74,-60,-55,-106,-47,-47,-58,-29,-44,-135,-42,21,0,0,-3,28,-142,-59,-35,52,140,59,59,59,75]} 1. d4 Nf6 2. c4 c5 3. d5 e6 4. Nc3 exd5 5. cxd5 d6 6. e4 g6 7. Nf3 Bg7 8. Bd3 O-O 9. O-O Re8 10. h3 a6 11. Bf4 b5 12. Nd2 {[#]} ({Relevant:} 12. Re1 Ra7 13. Rc1 Rae7 14. Nd2 Qb6 15. a4 c4 16. axb5 cxd3 17. Nc4 Qd4 18. Nxd6 Nh5 19. Be3 Qe5 20. Nxe8 Rxe8 21. Qxd3 axb5 22. Qxb5 Bd7 23. Qd3 Nf4 24. Bxf4 Qxf4 25. g3 Qg5 26. h4 Qh5 27. f4 Bc8 28. e5 Ba6 29. Qe3 Nd7 30. Ne4 h6 31. Rc7 Nf8 32. Qa7 Bxe5 33. fxe5 Qxe5 34. Rxf7 Kh8 35. Qxa6 Qd4+ 36. Rf2 Nh7 37. Qxg6 {1-0 Sarana,A (2643)-Indjic,A (2610) Titled Tuesday intern op 17th Aug Chess.com INT blitz 2021 (9)}) 12... Bb7 $146 ({Predecessor:} 12... c4 13. Bc2 Qc7 14. a3 Nbd7 15. Nf3 Bb7 16. Re1 Rac8 17. Nd4 Qb6 18. Nf3 a5 19. a4 b4 20. Nb5 Bf8 21. Qd4 Qxd4 22. Nfxd4 b3 23. Bb1 Bxd5 24. Bxd6 Bxe4 25. Bxf8 Bxb1 26. Be7 Rxe7 27. Rxe7 Bd3 28. Rc1 Nb6 29. Nc3 Nfd5 30. Nxd5 Nxd5 31. Rd7 Rc5 32. Nxb3 {1-0 Futyma,D (1866)-Frac,P (1900) Lazy Baltic Pearl op-A 20th 2024 (9)}) 13. a4 b4 14. Ne2 Nh5 15. Nc4 Nxf4 16. Nxf4 Qc7 17. Qc2 Nd7 18. a5 {[#]} Ne5 19. Nb6 Rab8 20. Be2 Qe7 21. Rfe1 Nd7 22. Nxd7 Qxd7 23. Bc4 Qd8 24. Nd3 Bc8 25. Kh1 Qh4 26. f4 f6 27. Qf2 Qxf2 28. Nxf2 f5 29. exf5 Rxe1+ 30. Rxe1 Bxf5 31. b3 {[#]} Kf8 32. g4 Bd7 33. Ne4 Bc3 34. Re2 Re8 {[#]} 35. Nxd6 Rd8 36. Ne4 Bb5 37. Nxc5 Rxd5 38. Ne6+ Ke7 39. Nc7+ Re5 40. fxe5 Bxc4 41. bxc4 Bxe5 42. Rxe5+ Kd6 43. Nxa6 Kxe5 44. Nxb4 Kd4 45. a6 1-0

[Event "2025 New Year TNM: 1600-1999"]
[Site "San Francisco"]
[Date "2025.01.21"]
[Round "3.26"]
[White "Sisti, Daniel J"]
[Black "Boyer, John"]
[Result "0-1"]
[Annotator "Winslow,Elliott"]
[WhiteElo "1492"]
[BlackElo "1638"]
[PlyCount "78"]
[GameId "2137475051625262"]
[EventDate "2025.??.??"]

{[%evp 0,78,15,-1,21,45,26,28,40,60,41,47,38,33,30,25,54,44,54,53,92,59,65,46,95,51,77,87,111,59,87,74,100,121,84,104,69,-10,-149,-11,0,-26,-12,-28,-55,-43,-58,-69,-88,-85,-44,-177,-232,-171,-176,-240,-237,-284,-423,-311,-288,-331,-339,-338,-243,-291,-309,-537,-548,-555,-438,-452,-459,-568,-469,-502,-497,-537,-525,-556,-547]} 1. e4 c5 2. Nf3 Nc6 3. Bb5 Nd4 4. Nxd4 cxd4 5. c3 a6 6. Bd3 d5 7. e5 dxc3 8. dxc3 e6 9. O-O Bc5 10. Nd2 Ne7 11. Nf3 Ng6 12. Qe2 Qc7 13. a4 b6 14. b4 Be7 15. Bd2 Bb7 16. Rfe1 O-O 17. Nd4 Rac8 18. Bxa6 Bxa6 19. Qxa6 Nxe5 20. Qe2 Nc4 21. Bc1 Bf6 22. Nb5 Qd7 23. Qd3 Nd6 24. Bd2 Rc4 25. Re3 Nxb5 26. axb5 Qxb5 27. Rf3 {[#]} Rxb4 28. Qxb5 Rxb5 29. h3 Rc8 30. Ra7 Rb2 31. Bh6 Rb1+ 32. Kh2 Be5+ 33. g3 gxh6 34. Rfxf7 Bxc3 35. Rxh7 Rf8 36. h4 Rb2 37. Rxh6 Rbxf2+ 38. Kh3 R2f6 39. Rhh7 R8f7 0-1

[Event "2025 New Year TNM: 1600-1999"]
[Site "San Francisco"]
[Date "2025.01.21"]
[Round "3.27"]
[White "Uzakbaev, Nursultan"]
[Black "Chan, John"]
[Result "0-1"]
[WhiteElo "1618"]
[BlackElo "1601"]
[PlyCount "92"]
[GameId "2137475051625263"]
[EventDate "2025.??.??"]

1. e4 e6 2. d4 d5 3. e5 a6 4. Bd3 c5 5. c3 c4 6. Bc2 Nc6 7. Be3 Bd7 8. Ne2 Nge7 9. Ng3 g6 10. h4 h5 11. Ne2 Nf5 12. Bxf5 gxf5 13. Nf4 Qb6 14. Nd2 Be7 15. Rb1 Qc7 16. Nf3 b5 17. Nh3 b4 18. Bg5 a5 19. Bxe7 Nxe7 20. Nfg5 Ng6 21. f3 Rb8 22. O-O Ke7 23. g3 Rbf8 24. Qd2 Qb8 25. Kg2 Ke8 26. b3 cxb3 27. Rxb3 Ba4 28. Rbb1 Ke7 29. Nf2 Rc8 30. cxb4 Rc2 31. Qe1 Qc7 32. bxa5 Rb8 33. Kh3 Rxa2 34. a6 Bd7 35. Rxb8 Qxb8 36. Qc3 Rxa6 37. Nd3 Kf8 38. Nh7+ Kg7 39. Nf6 Bb5 40. Nxh5+ Kh7 41. Qd2 Bc4 42. Nf6+ Kg7 43. h5 Ra2 44. Qe3 Bxd3 45. Qxd3 Qb2 46. Ne8+ Kh8 0-1

[Event "2025 New Year TNM: u1600"]
[Site "San Francisco"]
[Date "2025.01.21"]
[Round "3.6"]
[White "Starr, Albert Martin"]
[Black "Stults, Sawyer"]
[Result "1-0"]
[WhiteElo "1530"]
[BlackElo "1348"]
[PlyCount "121"]
[GameId "2137475051625264"]
[EventDate "2025.??.??"]

1. b4 e5 {[%emt 0:00:06]} 2. Bb2 {[%emt 0:00:04]} Bxb4 {[%emt 0:00:06]} 3. Bxe5 {[%emt 0:00:05]} Nf6 {[%emt 0:00:03]} 4. c4 {[%emt 0:00:07]} Nc6 {[%emt 0:00:46]} 5. Bc3 {[%emt 0:00:06]} Be7 {[%emt 0:00:10]} 6. e3 {[%emt 0:00:06]} O-O {[%emt 0:01:55]} 7. d3 {[%emt 0:00:05]} d5 {[%emt 0:02:42]} 8. Be2 {[%emt 0:01:19]} dxc4 {[%emt 0:17:28]} 9. dxc4 {[%emt 0:00:10]} Qxd1+ {[%emt 0:03:46]} 10. Bxd1 {[%emt 0:00:06]} Ne4 {[%emt 0:01:52]} 11. Bb2 {[%emt 0:03:21]} Bb4+ {[%emt 0:00:46]} 12. Ke2 {[%emt 0:00:24]} Rd8 {[%emt 0:01:27]} 13. f3 {[%emt 0:00:20]} Nf2 {[%emt 0:17:37]} 14. Kxf2 {[%emt 0:00:42]} Rxd1 {[%emt 0:00:06]} 15. Ke2 {[%emt 0:00:55]} Re1+ {[%emt 0:05:48]} 16. Kf2 {[%emt 0:00:29]} Ne5 {[%emt 0:00:09]} 17. Bxe5 {[%emt 0:00:25]} Rc1 {[%emt 0:01:22]} 18. g4 {[%emt 0:02:53]} Be6 {[%emt 0:06:04]} 19. Kg2 {[%emt 0:00:29]} Rc2+ {[%emt 0:06:27]} 20. Kg3 {[%emt 0:00:14]} Be1+ {[%emt 0:00:36]} 21. Kh3 {[%emt 0:01:11]} Bxc4 {[%emt 0:00:06]} 22. Bg3 {[%emt 0:00:33]} Bf1+ {[%emt 0:16:29]} 23. Kh4 {[%emt 0:00:15]} Bg2 {[%emt 0:06:47]} 24. Bxe1 {[%emt 0:00:07]} Bxh1 {[%emt 0:00:09]} 25. Na3 {[%emt 0:00:11]} Rxh2+ {[%emt 0:00:28]} 26. Kg5 {[%emt 0:00:42]} f5 {[%emt 0:06:49]} 27. Bg3 {[%emt 0:00:41]} Rg2 {[%emt 0:01:33]} 28. Bxc7 {[%emt 0:00:08]} fxg4 {[%emt 0:00:31]} 29. fxg4 {[%emt 0:00:34]} Re8 {[%emt 0:01:02]} 30. Nh3 {[%emt 0:00:57]} Re2 {[%emt 0:01:41]} 31. Rxh1 {[%emt 0:00:24]} R2xe3 {[%emt 0:00:12]} 32. Nc4 {[%emt 0:01:00]} Rc3 {[%emt 0:00:30]} 33. Rd1 {[%emt 0:04:10]} Rxc4 {[%emt 0:00:49]} 34. Rd7 {[%emt 0:00:06]} Rc5+ {[%emt 0:00:37]} 35. Kh4 {[%emt 0:00:08]} Re6 {[%emt 0:00:38]} 36. Rd8+ {[%emt 0:00:26]} Kf7 {[%emt 0:00:01]} 37. Ng5+ {[%emt 0:00:09]} Rxg5 {[%emt 0:00:54]} 38. Kxg5 {[%emt 0:00:06]} Rg6+ {[%emt 0:00:36]} 39. Kh4 {[%emt 0:00:18]} Re6 {[%emt 0:00:28]} 40. Bf4 {[%emt 0:01:44]} Re4 {[%emt 0:00:31]} 41. Kg3 {[%emt 0:00:07]} Ra4 {[%emt 0:00:12]} 42. Rd7+ {[%emt 0:00:18]} Kg6 {[%emt 0:00:25]} 43. Rxb7 {[%emt 0:00:07]} Rxa2 {[%emt 0:00:07]} 44. Be5 {[%emt 0:02:00]} a5 {[%emt 0:01:11]} 45. Rxg7+ {[%emt 0:00:11]} Kh6 {[%emt 0:00:04]} 46. Kh4 {[%emt 0:02:02]} Ra4 {[%emt 0:00:19]} 47. Rf7 {[%emt 0:00:57]} Re4 {[%emt 0:01:15]} 48. Rf6+ {[%emt 0:02:08]} Kg7 {[%emt 0:00:05]} 49. Rf5+ {[%emt 0:01:19]} Kg6 {[%emt 0:00:31]} 50. Rg5+ {[%emt 0:04:01]} Kf7 {[%emt 0:00:04]} 51. Kh5 {[%emt 0:00:08]} Re3 {[%emt 0:01:21]} 52. Kh6 {[%emt 0:01:41]} a4 {[%emt 0:00:24]} 53. Kxh7 {[%emt 0:00:31]} Ke6 {[%emt 0:00:32]} 54. Bh8 {[%emt 0:01:41]} Rh3+ {[%emt 0:00:35]} 55. Rh5 {[%emt 0:00:07]} Rg3 {[%emt 0:00:29]} 56. g5 {[%emt 0:00:41]} a3 {[%emt 0:00:26]} 57. g6 {[%emt 0:00:43]} Rf3 {[%emt 0:00:29]} 58. Rh1 {[%emt 0:01:24]} a2 {[%emt 0:00:36]} 59. Ba1 {[%emt 0:00:19]} Ke7 {[%emt 0:00:34]} 60. g7 {[%emt 0:00:39]} Rf7 {[%emt 0:00:04]} 61. Kg6 {[%emt 0:00:22]} 1-0

[Event "2025 New Year TNM: u1600"]
[Site "San Francisco"]
[Date "2025.01.21"]
[Round "3.28"]
[White "Fisher, Brett"]
[Black "Hollon, Nick"]
[Result "0-1"]
[WhiteElo "1394"]
[BlackElo "1295"]
[PlyCount "98"]
[GameId "2137475051633457"]
[EventDate "2025.??.??"]

1. d4 Nf6 2. c4 e6 3. Nc3 Bb4 4. Bd2 O-O 5. a3 Bxc3 6. Bxc3 b6 7. Nf3 Bb7 8. e3 c5 9. Bd3 d6 10. O-O Nc6 11. Qc2 cxd4 12. exd4 Ne7 13. Ng5 Ng6 14. Ne4 Nxe4 15. Bxe4 Bxe4 16. Qxe4 d5 17. Qd3 Rc8 18. cxd5 Nf4 19. Qf3 Nxd5 20. Rac1 Qg5 21. Rc2 Qg6 22. Rfc1 Rfd8 23. h3 h6 24. Rd2 b5 25. Rcd1 Rd6 26. Bb4 Nxb4 27. axb4 Rd5 28. Qa3 Rc7 29. Qa5 Rcd7 30. Qa6 e5 31. Qc8+ Rd8 32. Qc3 Qg5 33. Qe3 Rxd4 34. Rxd4 exd4 35. Qxg5 hxg5 36. Rd3 Kf8 37. g3 Ke7 38. Kg2 Ke6 39. Kf3 Kd5 40. b3 Rc8 41. Ke2 Rc2+ 42. Rd2 Rc3 43. Rd3 f5 44. f3 g4 45. hxg4 fxg4 46. Rxc3 dxc3 47. fxg4 Ke4 48. g5 g6 49. Kd1 Kd3 0-1

[Event "2025 New Year TNM: u1600"]
[Site "San Francisco"]
[Date "2025.01.21"]
[Round "3.29"]
[White "Braithwaite, Andrew"]
[Black "Bayaraa, Bilguun"]
[Result "0-1"]
[Annotator "Winslow,Elliott"]
[WhiteElo "931"]
[BlackElo "1359"]
[PlyCount "98"]
[GameId "2137042338918957"]
[EventDate "2025.??.??"]

{[%evp 0,98,10,16,23,-1,-1,7,28,-54,22,40,18,14,54,74,46,21,58,16,39,-11,39,-13,-13,-17,-55,-43,-3,-4,-4,-44,6,-8,-3,0,6,4,51,95,86,86,92,-14,75,101,76,-29,-78,-128,-1,15,-57,-34,-1,-122,-35,1,554,-289,-351,-404,-462,-530,-572,-558,-569,-690,-655,-777,-755,-898,-691,-985,-811,-961,-975,-981,-943,-979,-983,-973,-678,-1058,-777,-1115,-946,-1087,-965,-1432,-1466,-1499,-1479,-1550,-1599,-1653,-1766,-29979,-29984,-29987,-29986]} 1. e4 c5 2. c3 Nc6 3. d4 cxd4 4. cxd4 d5 5. exd5 Qxd5 6. Nf3 e6 7. Nc3 Bb4 8. Bd2 Bxc3 9. Bxc3 b5 10. b3 Bb7 11. a4 b4 12. Bb2 Nf6 13. Bc4 Qd8 14. O-O O-O 15. Rc1 Rc8 16. Ne5 Na5 17. Re1 Nd5 18. Nd3 Nxc4 19. bxc4 Nc3 20. Bxc3 bxc3 21. Nc5 Ba8 22. Rxc3 Qd6 23. Rc1 Rfd8 24. Nb3 Qb4 25. Nc5 Rxc5 26. Rb1 Qa5 27. dxc5 Rxd1 28. Rexd1 {[#]} Qc7 $4 (28... h5 $11) 29. Rd6 $4 (29. Rd7 $3 $18) 29... g6 $19 30. Rbd1 Kg7 31. Rd7 Qc6 32. f3 Qxc5+ 33. Kf1 Qxc4+ 34. Ke1 Qxa4 35. g4 Bxf3 36. R1d4 Qa1+ 37. Kf2 Bd5 38. Rd2 Qf6+ 39. Ke1 Qe5+ 40. Re2 Qf4 41. g5 Qxg5 42. h4 Qxh4+ 43. Kd2 Qb4+ 44. Kd1 Qa4+ 45. Ke1 Qxd7 46. Re5 a6 47. Kf2 a5 48. Kg3 Qd6 49. Kf4 g5+ 0-1

[Event "2025 New Year TNM: u1600"]
[Site "San Francisco"]
[Date "2025.01.21"]
[Round "3.30"]
[White "D'Mello, Sanjay"]
[Black "Myers, Steven Lee"]
[Result "1-0"]
[Annotator "Winslow,Elliott"]
[WhiteElo "1532"]
[BlackElo "977"]
[PlyCount "53"]
[GameId "2137475051637555"]
[EventDate "2025.??.??"]

1. e4 e5 2. Bc4 Nf6 3. Nf3 d6 4. d3 Be7 5. O-O Nc6 6. Nc3 Bg4 7. h3 Bxf3 8. Qxf3 Nd4 9. Qd1 c6 10. a4 h6 11. Re1 O-O 12. Be3 a6 13. Qd2 c5 {[#]} 14. Bxh6 Nh7 15. Be3 Bg5 16. Rac1 Qf6 17. Nd5 Qg6 18. Bxg5 Nxg5 19. Ne7+ Kh7 20. Nxg6 Ngf3+ 21. gxf3 Nxf3+ 22. Kg2 Nxd2 23. Nxf8+ Rxf8 24. Bd5 b6 25. Re2 Nxe4 26. Rxe4 f5 27. Rh4+ 1-0

[Event "2025 New Year TNM: u1600"]
[Site "San Francisco"]
[Date "2025.01.21"]
[Round "3.32"]
[White "Karwat, Joseph"]
[Black "Madden, Dahlia"]
[Result "0-1"]
[Annotator "Winslow,Elliott"]
[WhiteElo "1367"]
[BlackElo "1195"]
[PlyCount "38"]
[GameId "2137475051637556"]
[EventDate "2025.??.??"]

1. e4 e5 2. Nf3 Nf6 3. Nxe5 d6 4. Nf3 Nxe4 5. Be2 Bf5 6. O-O Nc6 7. Bb5 Be7 8. Re1 O-O 9. Bxc6 bxc6 10. Nd4 Bg6 11. Nxc6 Nxf2 12. Nxe7+ Qxe7 13. Kxf2 Qh4+ 14. Kg1 Bh5 15. g4 Bxg4 16. Re4 f5 17. Qe1 Qg5 18. Re3 f4 19. Rg3 fxg3 {--1-0 21} 0-1

[Event "2025 New Year TNM: u1600"]
[Site "San Francisco"]
[Date "2025.01.21"]
[Round "3.33"]
[White "Booth, Kyle Ewart Coventry"]
[Black "Dash, Satyakam"]
[Result "0-1"]
[WhiteElo "1183"]
[BlackElo "1480"]
[PlyCount "56"]
[GameId "2137475051637557"]
[EventDate "2025.??.??"]

1. e4 e5 2. Nf3 Nc6 3. Bb5 a6 4. Ba4 Nf6 5. O-O b5 6. Bb3 d6 7. Re1 Be7 8. c3 Bg4 9. d3 O-O 10. a4 b4 11. a5 Rb8 12. Be3 Bxf3 13. gxf3 d5 14. d4 bxc3 15. bxc3 exd4 16. cxd4 Bb4 17. Re2 dxe4 18. d5 exf3 19. Rc2 Ne5 20. Qd4 Nfg4 21. Bf4 Qh4 22. Qd1 Nxf2 23. Bg3 Qxg3+ 24. hxg3 Nxd1 25. Rxc7 Ne3 26. Kf2 N3g4+ 27. Kf1 Rfc8 28. Rc2 Ne3+ 0-1

[Event "2025 New Year TNM: u1600"]
[Site "San Francisco"]
[Date "2025.01.21"]
[Round "3.34"]
[White "Karpe, Ummon"]
[Black "Fan, Shanhuan"]
[Result "0-1"]
[Annotator "Winslow,Elliott"]
[WhiteElo "1161"]
[BlackElo "1380"]
[PlyCount "46"]
[GameId "2137475051637558"]
[EventDate "2025.??.??"]

1. e4 e6 2. d4 d5 3. exd5 exd5 4. Nf3 Nf6 5. Bd3 Bg4 6. O-O Be7 7. h3 Bh5 8. Bf4 O-O 9. Re1 c6 10. a4 a5 11. Nbd2 Nbd7 12. c3 Re8 13. Qc2 Nf8 14. Ne5 N6d7 15. g4 Nxe5 16. Rxe5 Bg6 17. Rae1 Bxd3 18. Qxd3 Ng6 19. Rh5 Bf8 20. Ree5 h6 {[#]} 21. Rxh6 gxh6 22. Rf5 Re1+ 23. Kg2 Nh4+ 0-1

[Event "2025 New Year TNM: u1600"]
[Site "San Francisco"]
[Date "2025.01.21"]
[Round "3.35"]
[White "Fitzgerald, William"]
[Black "Smith, Daniel"]
[Result "0-1"]
[WhiteElo "1346"]
[BlackElo "1052"]
[PlyCount "78"]
[GameId "2137475051641655"]
[EventDate "2025.??.??"]

1. e4 c5 2. Nf3 e6 3. d4 d5 4. Nbd2 Nc6 5. c3 cxd4 6. cxd4 Bb4 7. Bb5 Bd7 8. Qa4 Qb6 9. a3 Bxd2+ 10. Bxd2 a6 11. exd5 exd5 12. O-O Qxb5 13. Qc2 Nge7 14. Rfe1 O-O 15. Ng5 Bf5 16. Qd1 h6 17. Nf3 Qxb2 18. Re2 Bc2 19. Qe1 Nf5 20. Be3 Nxe3 21. fxe3 Rac8 22. Rc1 Ne7 23. Qd2 Qxa3 24. Rxc2 Rxc2 25. Qxc2 Rc8 26. Qb2 Rc1+ 27. Kf2 Qxb2 28. Rxb2 b5 29. Ra2 Rc6 30. Ne5 Rd6 31. Nd3 Nf5 32. Nb4 Re6 33. Nxd5 b4 34. g4 Nd6 35. Rxa6 Ne4+ 36. Kf3 Ng5+ 37. Kf4 Rxa6 38. Nxb4 Rf6+ 39. Kg3 Rf3+ 0-1

[Event "2025 New Year TNM: u1600"]
[Site "San Francisco"]
[Date "2025.01.21"]
[Round "3.36"]
[White "Singer, Andrew"]
[Black "Vazquez, Dominic A"]
[Result "1-0"]
[WhiteElo "995"]
[BlackElo "1312"]
[PlyCount "109"]
[GameId "2137475051641656"]
[EventDate "2025.??.??"]

1. e4 e6 2. d4 d5 3. Nd2 Nf6 4. e5 Nfd7 5. Ngf3 c5 6. c3 Be7 7. Bd3 Nc6 8. O-O Qb6 9. Qc2 cxd4 10. cxd4 Nb4 11. Qb3 Nxd3 12. Qxd3 O-O 13. a3 f6 14. Re1 fxe5 15. Qb3 Qxb3 16. Nxb3 e4 17. Ng5 Nf6 18. f3 h6 19. Nh3 exf3 20. gxf3 Nh7 21. Kg2 Bd7 22. f4 b6 23. Be3 Bd6 24. Nd2 Rac8 25. Rac1 Nf6 26. Nf2 Nh5 27. Nh3 Bxf4 28. Rxc8 Bxc8 29. Nxf4 Nxf4+ 30. Bxf4 Rxf4 31. Rc1 Rf8 32. Rc7 a6 33. Nf3 a5 34. b4 axb4 35. axb4 Ba6 36. Rc6 Rf6 37. Rxb6 Bc4 38. Ne5 Be2 39. b5 Kh7 40. Rb7 Bxb5 41. Rxb5 h5 42. Kg3 g6 43. Rb7+ Kh6 44. Rf7 Rxf7 45. Nxf7+ Kg7 46. Ng5 Kf6 47. Kf4 e5+ 48. dxe5+ Ke7 49. h4 Kd7 50. Ke3 Ke7 51. Kd4 Kd7 52. Kxd5 Ke7 53. e6 Kd8 54. Kd6 Ke8 55. Ne4 1-0

[Event "2025 New Year TNM: u1600"]
[Site "San Francisco"]
[Date "2025.01.21"]
[Round "3.37"]
[White "Trosen, Lawrence R"]
[Black "Burkhardt, Douglas Alan"]
[Result "1-0"]
[WhiteElo "1261"]
[BlackElo "664"]
[PlyCount "63"]
[GameId "2137475051645753"]
[EventDate "2025.??.??"]

1. c4 e6 2. Nf3 d5 3. cxd5 exd5 4. g3 Nf6 5. Bg2 c5 6. a3 Nc6 7. d4 b6 8. Nc3 Be7 9. Bg5 O-O 10. Qd2 Bg4 11. Ne5 Nxd4 12. Bxf6 Bxf6 13. Nxg4 Nb3 14. Nxf6+ Qxf6 15. Qd1 Nxa1 16. Qxa1 d4 17. Bxa8 Rxa8 18. Nd5 Qe5 19. Nf4 Re8 20. O-O g5 21. Ng2 Re6 22. Qc1 h6 23. f4 Qxe2 24. fxg5 h5 25. g6 fxg6 26. Qh6 Qxf1+ 27. Kxf1 d3 28. Nf4 Rf6 29. Ke1 Rd6 30. Nxd3 Rxd3 31. Qxg6+ Kf8 32. Qxd3 1-0

[Event "2025 New Year TNM: u1600"]
[Site "San Francisco"]
[Date "2025.01.21"]
[Round "3.39"]
[White "Otterbach, Renate"]
[Black "Robins, Alexander"]
[Result "0-1"]
[Annotator "Robins,Alex"]
[WhiteElo "1026"]
[BlackElo "1342"]
[PlyCount "98"]
[GameId "2137475051649851"]
[EventDate "2025.??.??"]

1. e4 e5 2. Nf3 Nc6 3. d4 exd4 4. Bc4 Nf6 5. e5 Ne4 6. Qe2 Nc5 7. O-O Be7 8. c3 dxc3 9. Nxc3 d6 10. exd6 Qxd6 $4 11. Bg5 Be6 12. Rad1 Bxc4 13. Qxc4 Qe6 14. Qxe6 Nxe6 15. Bc1 O-O 16. Rd7 Rad8 17. Rfd1 Rxd7 18. Rxd7 Rd8 19. Rxd8+ Bxd8 20. a3 Bf6 21. Ne4 Be7 22. b4 Ned4 23. Nxd4 Nxd4 24. Kf1 f5 25. Nc3 c6 26. Be3 Nc2 27. Bxa7 Nxa3 28. Bc5 Bxc5 29. bxc5 Nc4 30. Ke2 b5 31. cxb6 Nxb6 32. Kd3 Kf7 33. Kd4 Nd7 34. Na4 Ke6 35. f4 Kd6 36. Kc4 c5 37. Nc3 Nb6+ 38. Kb5 Nd5 39. Kc4 Nxc3 40. Kxc3 Kd5 41. g3 h5 42. h4 g6 43. Kd3 c4+ 44. Kc3 Ke4 45. Kxc4 Kf3 46. Kd4 Kxg3 47. Ke5 Kxh4 48. Kf6 Kg4 49. Kxg6 h4 0-1

[Event "2025 New Year TNM: u1600"]
[Site "San Francisco"]
[Date "2025.01.21"]
[Round "3.42"]
[White "Rushton, Peter James"]
[Black "Blum, Paul"]
[Result "1-0"]
[WhiteElo "1267"]
[BlackElo "1010"]
[PlyCount "59"]
[GameId "2137475051653950"]
[EventDate "2025.??.??"]

1. e4 e6 2. Nc3 g6 3. Nf3 Bg7 4. g3 d6 5. Bg2 Nf6 6. O-O c5 7. d3 Nc6 8. Re1 Qb6 9. Ne2 e5 10. Bg5 Ng4 11. Nc3 c4 12. Be3 Nxe3 13. fxe3 Qxb2 14. Nd5 Kd8 15. dxc4 f5 16. Ng5 Kd7 17. Bh3 h6 18. Nf3 Rf8 19. Nh4 g5 20. Ng6 Rf7 21. Bxf5+ Rxf5 22. exf5 Nb4 23. Rb1 Qxc2 24. Nxb4 Qxf5 25. Qa4+ Kd8 26. Ne7 Kxe7 27. Nd5+ Kd8 28. Qa5+ Kd7 29. Qc7+ Ke6 30. Qe7# 1-0